000
00397nam a2200133Ia 4500
008
191206s9999 xx 000 0 und d
020
_a
0809134284 (pbk.) :
090
_a
BT295C66
245
0
_a
Responses to 101 questions about Jesus: Michael L. Cook
260
_a
Paulist Press
260
_c
cc1993
300
_a
"x, 124 p. ; 21 cm."
999
_c
16795
_d
16795